01259 a2200217 4500001000500000005001700005008004100022003001500063040004000078080003600118245002800154020002200182264004000204300002400244505060300268041000800871100001900879700003000898700001800928856009500946344620260407155429.0260407a2006 arg spa dAR-UNSa-BCEJYS aAR-UNSa-BCEJYSbspacAR-UNSa-BCEJYS a330.35xCrecimiento económico10aCrecimiento económico a978-84-7829-079-6 1aMadrid :bPearson Educaciónc2006 axxv, 571 p.c24 cm. a1. Los hechos - 2. Un marco analítico - 3. El capital físico - 4. La población y el crecimiento económico - 5. Tendencias futuras de la población - 6. El capital humano - 7. Medición de la productividad - 8. El papel de la tecnología en el crecimiento - 9. La vanguardia de la tecnología - 10. La eficiencia - 11. El crecimiento en la economía abierta - 12. El Estado - 13. La desigualdad de la renta - 14. La cultura - 15. La geografía, el clima y los recursos naturales - 16. Los recursos y el medio ambiente mundiales - 17. Qué hemos aprendido y qué nos depara el futuro  aspa1 aWeil, David N.1 aRabasco Espáriz, Esther1 aToharia, Luis41uhttps://biblioeco.unsa.edu.ar/pmb/images/libros/L128446.jpgyImagen de portadaqimage/jpeg